LEADER 01351nam0-2200373---450- 001 990004370120403321 005 20110509110725.0 010 $a88-8086-398-3$b1. v. 010 $a88-8086-399-1$b2. v. 035 $a000437012 035 $aFED01000437012 035 $a(Aleph)000437012FED01 035 $a000437012 100 $a19990604d2001----km-y0itay50------ba 101 0 $aita 102 $aIT 105 $a--------101yy 200 1 $a<>identità nazionale nella cultura letteraria italiana$eatti del 3. congresso nazionale dell'ADI Associazione degli italianisti italiani, Lecce-Otranto, 20-22 settembre 1999$fa cura di Gino Rizzo 210 $aGalatina$cCongedo$dstampa 2001 215 $a2 v.$d25 cm 225 1 $aSaggi e testi$fUniversità degli studi di Lecce, Dipartimento dei beni delle arti e della storia$v14 610 0 $aPatriottismo$aLetteratura italiana$aCongressi$a1999 610 0 $aCongressi$aLecce-Otranto$a1999 676 $a850.9358 702 1$aRizzo,$bGino 710 02$aADI$9$0424649 801 0$aIT$bUNINA$gRICA$2UNIMARC 901 $aBK 912 $a990004370120403321 952 $a850.9358 RIZ 1(1)$fFLFBC 952 $a850.9358 RIZ 1(2)$fFLFBC 959 $aFLFBC 996 $aIdentità nazionale nella cultura letteraria italiana$9540539 997 $aUNINA LEADER 02504nam 2200685Ia 450 001 9910462514103321 005 20211105234937.0 010 $a3-11-087143-2 024 7 $a10.1515/9783110871432 035 $a(CKB)2670000000251270 035 $a(EBL)3042187 035 $a(OCoLC)922945071 035 $a(SSID)ssj0000559717 035 $a(PQKBManifestationID)11376021 035 $a(PQKBTitleCode)TC0000559717 035 $a(PQKBWorkID)10567275 035 $a(PQKB)10963207 035 $a(MiAaPQ)EBC3042187 035 $a(DE-B1597)55097 035 $a(OCoLC)979748144 035 $a(DE-B1597)9783110871432 035 $a(Au-PeEL)EBL3042187 035 $a(CaPaEBR)ebr10598223 035 $a(EXLCZ)992670000000251270 100 $a19920701d1992 uy 0 101 0 $aeng 135 $aurnn#---|u||u 181 $ctxt 182 $cc 183 $acr 200 14$aThe elements of mathematical semantics$b[electronic resource] /$fby Maurice V. Aldridge 205 $aReprint 2011 210 $aBerlin ;$aNew York $cMouton de Gruyter$d1992 215 $a1 online resource (276 p.) 225 0 $aTrends in Linguistics. Studies and Monographs [TiLSM] ;$v66 300 $aDescription based upon print version of record. 311 0 $a3-11-012957-4 320 $aIncludes bibliographical references (p. [243]-249) and index. 327 $tFront matter --$tChapter 1 Some topics in semantics --$tChapter 2 Background notions from mathematics --$tChapter 3 Background notions from formal logic --$tChapter 4 Vagueness and ambiguity --$tChapter 5 Logical form in binding theory --$tChapter 6 Pragmatics --$tChapter 7 Categorial grammar --$tChapter 8 Semantic rules --$tBibliography --$tIndex --$tBack matter 410 0$aTrends in Linguistics. Studies and Monographs [TiLSM] 606 $aSemantics$xMathematical models 606 $aMathematical linguistics 606 $aLanguage and logic 606 $aPragmatics 606 $aCategorial grammar 608 $aElectronic books. 615 0$aSemantics$xMathematical models. 615 0$aMathematical linguistics. 615 0$aLanguage and logic. 615 0$aPragmatics. 615 0$aCategorial grammar. 676 $a401/.41/0151 700 $aAldridge$b M. V$g(Maurice Vincent)$0846975 801 0$bMiAaPQ 801 1$bMiAaPQ 801 2$bMiAaPQ 906 $aBOOK 912 $a9910462514103321 996 $aThe elements of mathematical semantics$91892106 997 $aUNINA LEADER 00838nam0-22003011i-450 001 990000028320203316 005 20230503101026.0 010 $a88-8402-238-X 035 $a0002832 035 $aUSA010002832 035 $a(ALEPH)000002832USA01 035 $a0002832 100 $a20000914d1998----|||y0itay0103----ba 101 0 $aita 105 $a||||||||001yy 200 1 $a<>onardo$fLeonarlo da Vinci$gpresentazione di Carlo Pedretti. 210 $aRoma$cSalerno Editrice$d1998 215 $a510 p., [24] p. di tav.$d24 cm 225 $aProfili. Nuova serie$v24 610 $aLeonardo : da Vinci 676 $a709. 2 700 1$aVECCE,$bCarlo.$0385119 912 $a990000028320203316 951 $aXII.2.B. 1020(X C Coll. 36 / 24)$b145133 L. M. 959 $aBK 969 $aUMA 996 $aOnardo$93089016 997 $aUNISA